LEADER 02489nam 22006493u 450 001 996475752503316 005 20230221123856.0 035 $a(CKB)5680000000038260 035 $aEBL6976056 035 $a(OCoLC)1315756811 035 $a(AU-PeEL)EBL6976056 035 $a(MiAaPQ)EBC6976056 035 $a(oapen)https://directory.doabooks.org/handle/20.500.12854/81695 035 $a(PPN)269154981 035 $a(EXLCZ)995680000000038260 100 $a20220617d2022|||| uy 0 101 0 $aeng 135 $aur|n|---||||| 181 $ctxt$2rdacontent 182 $cc$2rdamedia 183 $acr$2rdacarrier 200 10$aMobile forensics -- the file format handbook $ecommon file formats and file systems used in mobile devices /$feditors, Christian Hummert, Dirk Pawlaszczyk 210 $aCham $cSpringer International Publishing AG$d2022 215 $a1 online resource (xiii, 269 pages) $cillustrations (some color) 300 $aDescription based upon print version of record. 311 1 $a3-030-98466-4 311 1 $a3-030-98467-2 327 $aPart I: Mobile File System Formats 1. APFS 2. Ext4 3. The Flash-Friendly File System (F2FS) 4. QNX6 Part II: Mobile File Formats 5. SQLite 6. Property Lists 7. Java Serialization 8. Realm 9. Protocol Buffers 330 $aThis open access book summarizes knowledge about several file systems and file formats commonly used in mobile devices. In addition to the fundamental description of the formats, there are hints about the forensic value of possible artefacts, along with an outline of tools that can decode the relevant data. 606 $aComputer programs 606 $aDigital forensic science 606 $aSmartphones 610 $aMobile File Systems 610 $aMobile File Formats 610 $aData Security 610 $aAPFS 610 $aExt4 610 $aF2FS 610 $aQNX6 610 $aSQLite 610 $aJava Serialization 610 $aRealm db 610 $aEU Project FORMOBILE 610 $aProperty Lists 615 0$aComputer programs. 615 0$aDigital forensic science. 615 0$aSmartphones. 700 $aHummert$b Christian$4edt$099016 701 $aHummert$b Christian$099016 701 $aPawlaszczyk$b Dirk$01237064 801 0$bAU-PeEL 801 1$bAU-PeEL 801 2$bAU-PeEL 906 $aBOOK 912 $a996475752503316 996 $aMobile Forensics - the File Format Handbook$92871901 997 $aUNISA